Normal view
MARC view
Entry Personal Name
001 - CONTROL NUMBER
- control field: 37845
003 - CONTROL NUMBER IDENTIFIER
- control field: OSt
005 - DATE AND TIME OF LATEST TRANSACTION
- control field: 20230424151429.0
008 - FIXED-LENGTH DATA ELEMENTS
- fixed length control field: 230424|| aca||aabn | a|a d
040 ## - CATALOGING SOURCE
- Original cataloging agency: OSt
- Transcribing agency: OSt
100 ## - HEADING--PERSONAL NAME
- Personal name: Caponio, Tiziana and Clément, Anthony
670 ## - SOURCE DATA FOUND
- Source citation: Work cat.: (OSt)521915: Caponio, Tiziana and Clément, Anthony, Making sense of trajectories of participation in european city networks on migration: Insights from the cases of Turin (Italy) and saint-Etienne (France)
